| 000 | 00736nam a2200205 a 4500 | ||
|---|---|---|---|
| 001 | 000042009 | ||
| 005 | 20201002035901.0 | ||
| 008 | 131030s1748 sp ac r 000 0 spa d | ||
| 020 | _a8400075234 | ||
| 040 |
_aDO-SdBNP _bspa _cBNPHU |
||
| 082 |
_axxxx _bxxxx |
||
| 245 | 0 | 0 |
_aActas del II Centenario de Don Antonio de Ulloa / _ceditores M. Losada, C. Varela. |
| 260 |
_aBarcelona : _bEscuela de Estudios Hispanoamericanos. |
||
| 300 |
_a279 p. : _bil., retrs. ; _c25 cm. |
||
| 504 | _aIncluye referencias bibliográficas y notas al pie de las páginas | ||
| 590 | _aInventariado, 2019/BT | ||
| 700 | 1 |
_aLosada, M., _eed. _968954 |
|
| 700 | 1 |
_aVarela, M., _eed. _968955 |
|
| 710 | 2 |
_aEscuela de Estudios Hispanoamericanos (España) _968956 |
|
| 999 |
_c41498 _d41498 |
||